[Event "2. Torneio Aberto do Brasil - Fortaleza"]
[Site "Fortaleza BRA"]
[Date "2012.04.07"]
[Round "4.47"]
[White "Arruda Filho, Ivo Pereira De"]
[Black "Correia, Aristoteles De Jesu"]
[Result "1-0"]
[WhiteElo "1923"]
[BlackElo "1817"]
[PlyCount "137"]
[EventDate "2012.04.05"]
[EventType "swiss"]
[EventRounds "7"]
[EventCountry "BRA"]
[Source "lmi"]
[SourceDate "2012.08.05"]

1. d4 Nf6 2. Nf3 e6 3. e3 Bb4+ 4. c3 Be7 5. Nbd2 O-O 6. Bd3 d6 7. O-O Nc6 8. e4
b6 9. Qc2 e5 10. Bb5 Bb7 11. Qa4 Nb8 12. dxe5 dxe5 13. Nxe5 Bd6 14. Nef3 c6 15.
Be2 Nbd7 16. Qc2 Re8 17. Bd3 Nc5 18. e5 Bxe5 19. Nxe5 Rxe5 20. Nf3 Nxd3 21.
Nxe5 Nxe5 22. Bg5 Qd3 23. Qxd3 Nxd3 24. Bxf6 gxf6 25. b3 c5 26. Rad1 Be4 27.
Rd2 b5 28. Re2 Re8 29. f3 Bc6 30. Rxe8+ Bxe8 31. Rd1 c4 32. Kf1 Bd7 33. bxc4
bxc4 34. Ke2 a6 35. Ke3 Bb5 36. g3 Kf8 37. f4 Ke7 38. Rd2 Ke6 39. g4 Kd5 40. h4
Kc5 41. h5 Bd7 42. Kf3 a5 43. Re2 Kd6 44. Kg3 Bc6 45. h6 a4 46. a3 Nc5 47. Rb2
Nb3 48. Re2 Nc1 49. Rb2 Nb3 50. Re2 Nc5 51. Rd2+ Bd5 52. Kh4 Ne4 53. Rc2 Kc7
54. g5 f5 55. Rc1 Bc6 56. Kh3 Nd6 57. Rg1 Nb5 58. g6 fxg6 59. Rxg6 hxg6 60. h7
Nxa3 61. h8=Q Nb5 62. Qe5+ Kb6 63. Qe3+ Ka6 64. Qc5 Be4 65. Qxc4 a3 66. Qa4+
Kb6 67. c4 Nd4 68. Qxa3 Kc7 69. Qa7+ 1-0

[Event "2. Torneio Aberto do Brasil - Fortaleza"]
[Site "Fortaleza BRA"]
[Date "2012.04.07"]
[Round "4.48"]
[White "Pastana, Rafael Pedroni"]
[Black "Sales, Luis Carlos"]
[Result "1-0"]
[WhiteElo "1677"]
[BlackElo "1892"]
[PlyCount "47"]
[EventDate "2012.04.05"]
[EventType "swiss"]
[EventRounds "7"]
[EventCountry "BRA"]
[Source "lmi"]
[SourceDate "2012.08.05"]

1. e4 c5 2. Nf3 b6 3. d4 cxd4 4. Nxd4 Bb7 5. Nc3 e6 6. Bd3 d6 7. O-O a6 8. Be3
b5 9. Re1 Be7 10. Qg4 Bf6 11. Rad1 Nd7 12. f4 Ne7 13. f5 e5 14. Nb3 h6 15. a3
Qc7 16. Bxb5 axb5 17. Nxb5 Qxc2 18. Nxd6+ Kf8 19. Nxb7 Qxb3 20. Rxd7 Ke8 21.
Qd1 Qxd1 22. Rexd1 Nc8 23. Rd8+ Bxd8 24. Rxd8+ 1-0

[Event "2. Torneio Aberto do Brasil - Fortaleza"]
[Site "Fortaleza BRA"]
[Date "2012.04.07"]
[Round "4.49"]
[White "Marino, Felipe Gabriel"]
[Black "Ribeiro, Orlando Alves"]
[Result "0-1"]
[WhiteElo "1616"]
[BlackElo "1885"]
[PlyCount "146"]
[EventDate "2012.04.05"]
[EventType "swiss"]
[EventRounds "7"]
[EventCountry "BRA"]
[Source "lmi"]
[SourceDate "2012.08.05"]

1. e4 e5 2. Nf3 Nc6 3. d3 Nf6 4. Be2 d5 5. Bg5 dxe4 6. Bxf6 Qxf6 7. dxe4 Bc5 8.
O-O Be6 9. c3 Rd8 10. Qc2 a6 11. Nbd2 O-O 12. Nb3 Bb6 13. Rad1 h6 14. Nfd2 Qg6
15. Nc4 Ba7 16. Nca5 Nxa5 17. Nxa5 Bc8 18. Nc4 Qf6 19. Bf3 b5 20. Na5 Qb6 21.
b4 c5 22. Nb3 c4 23. Na5 Qc7 24. a4 Bb6 25. axb5 Bxa5 26. bxa5 Qxa5 27. bxa6
Qxa6 28. Ra1 Qc6 29. Qa4 Qxa4 30. Rxa4 Be6 31. Be2 Ra8 32. Rb4 Rfb8 33. Rxb8+
Rxb8 34. Rc1 Rb2 35. Kf1 Kf8 36. Bd1 Ke7 37. Rc2 Rb3 38. Ke1 Ra3 39. Kd2 g6 40.
Rb2 Kf6 41. Be2 Ra4 42. Rb4 Ra2+ 43. Kd1 h5 44. Rb6 g5 45. Bxh5 Rxf2 46. Bf3
Kg7 47. h3 Bxh3 48. Ke1 Rc2 49. gxh3 Rxc3 50. Bg4 Re3+ 51. Kd2 Rxe4 52. Kc3 Rf4
53. Rb5 f5 54. Be2 Re4 55. Bxc4 Re3+ 56. Kd2 Rxh3 57. Rxe5 Rf3 58. Bd3 Kf6 59.
Rb5 g4 60. Ke2 Rf4 61. Rb1 g3 62. Ke3 Rf2 63. Rg1 f4+ 64. Ke4 Kg5 65. Bf1 Rb2
66. Bc4 Rb4 67. Kd3 Rxc4 68. Kxc4 Kg4 69. Kd3 Kf3 70. Rf1+ Kg4 71. Ke2 g2 72.
Rg1 Kg3 73. Ra1 f3+ 0-1

[Event "2. Torneio Aberto do Brasil - Fortaleza"]
[Site "Fortaleza BRA"]
[Date "2012.04.07"]
[Round "4.50"]
[White "Rapouso, Ricardo Luis Borba"]
[Black "Baptista, Andre Kemper"]
[Result "1-0"]
[WhiteElo "1880"]
[BlackElo "1768"]
[PlyCount "103"]
[EventDate "2012.04.05"]
[EventType "swiss"]
[EventRounds "7"]
[EventCountry "BRA"]
[Source "lmi"]
[SourceDate "2012.08.05"]

1. d4 Nf6 2. c4 g6 3. Nc3 d5 4. e3 Bg7 5. Nf3 Bg4 6. Qb3 b6 7. Ne5 Be6 8. cxd5
Nxd5 9. Bb5+ Kf8 10. Bc4 Bxe5 11. Nxd5 Bd6 12. e4 c6 13. Bh6+ Ke8 14. Ne3 Bxc4
15. Nxc4 b5 16. Nxd6+ Qxd6 17. O-O g5 18. Bg7 Rg8 19. Be5 Qg6 20. a4 Nd7 21.
axb5 Nxe5 22. dxe5 Qxe4 23. b6 Qd5 24. Qxd5 cxd5 25. bxa7 Rg6 26. f4 Rb6 27.
Ra2 gxf4 28. Rxf4 Rb7 29. Rfa4 Kd7 30. Ra6 e6 31. Kf2 Kc7 32. Ke3 Rb4 33. Kd3
Re4 34. R6a3 Rxe5 35. Ra4 Re4 36. Rxe4 dxe4+ 37. Kxe4 Kb7 38. g4 Rxa7 39. Rxa7+
Kxa7 40. h4 Kb6 41. Ke5 Kb5 42. g5 Kb4 43. h5 Kb3 44. h6 Kxb2 45. Kf6 Kc3 46.
Kg7 e5 47. Kxh7 e4 48. Kg8 e3 49. h7 e2 50. h8=Q+ Kd3 51. Qh3+ Kd2 52. Qg2 1-0

[Event "2. Torneio Aberto do Brasil - Fortaleza"]
[Site "Fortaleza BRA"]
[Date "2012.04.07"]
[Round "4.51"]
[White "Zimmermann, Kleber Renato Pere"]
[Black "De Freitas, Julio Eimard"]
[Result "1/2-1/2"]
[WhiteElo "1953"]
[BlackElo "1865"]
[PlyCount "42"]
[EventDate "2012.04.05"]
[EventType "swiss"]
[EventRounds "7"]
[EventCountry "BRA"]
[Source "lmi"]
[SourceDate "2012.08.05"]

1. d4 d5 2. c4 c6 3. Nc3 Nf6 4. Bg5 Bf5 5. Bxf6 gxf6 6. cxd5 cxd5 7. Qb3 Nc6 8.
e3 e6 9. Qxb7 Qc8 10. Qxc8+ Rxc8 11. Bb5 Bb4 12. Nge2 Ke7 13. a3 Bd6 14. Rc1
Na5 15. Ng3 Bg6 16. O-O Nb3 17. f4 f5 18. Rcd1 Rb8 19. Rf2 Rhc8 20. a4 Bb4 21.
Na2 Ba5 1/2-1/2

[Event "2. Torneio Aberto do Brasil - Fortaleza"]
[Site "Fortaleza BRA"]
[Date "2012.04.07"]
[Round "4.52"]
[White "Moro, Antonio Renato Pere"]
[Black "Mesquita, Jussier Cabral"]
[Result "1-0"]
[WhiteElo "1832"]
[BlackElo "1844"]
[PlyCount "107"]
[EventDate "2012.04.05"]
[EventType "swiss"]
[EventRounds "7"]
[EventCountry "BRA"]
[Source "lmi"]
[SourceDate "2012.08.05"]

1. b3 e5 2. Bb2 d6 3. e3 Nf6 4. Be2 Be7 5. Nf3 O-O 6. O-O h6 7. c4 Be6 8. d4 e4
9. Nfd2 d5 10. Nc3 c6 11. f3 exf3 12. gxf3 Nh7 13. Kh1 Bh4 14. Qc2 Bh3 15. Bd3
f5 16. Rfd1 Qg5 17. Bf1 Bxf1 18. Nxf1 Qh5 19. Qg2 Ng5 20. cxd5 cxd5 21. Nxd5
Nc6 22. Nf4 Qf7 23. Rac1 Nh7 24. Ng6 Bf6 25. Nxf8 Nxf8 26. Rc5 Ng6 27. Qh3 Nh4
28. Bc3 Rd8 29. Be1 Qh5 30. Bxh4 Qxh4 31. Qxh4 Bxh4 32. Rxf5 Bf6 33. Rc5 Ne5
34. Kg2 Nc6 35. Ng3 Be7 36. Rc2 Bf6 37. d5 Nb4 38. Rcd2 Bc3 39. Re2 Bf6 40. e4
Be5 41. a3 Na6 42. Rc2 b6 43. b4 Nc7 44. Rdc1 Nb5 45. Rc8 Rf8 46. Rxf8+ Kxf8
47. Rc8+ Kf7 48. a4 Nc3 49. Ra8 a5 50. bxa5 Nxa4 51. Ra7+ Kf8 52. axb6 Nxb6 53.
Ne2 Nc4 54. Ra8+ 1-0

[Event "2. Torneio Aberto do Brasil - Fortaleza"]
[Site "Fortaleza BRA"]
[Date "2012.04.07"]
[Round "4.53"]
[White "Lisboa Torres, Eduardo"]
[Black "Viana, Cristiano Braga"]
[Result "1-0"]
[WhiteElo "1810"]
[BlackElo "1733"]
[PlyCount "85"]
[EventDate "2012.04.05"]
[EventType "swiss"]
[EventRounds "7"]
[EventCountry "BRA"]
[Source "lmi"]
[SourceDate "2012.08.05"]

1. d4 f5 2. e4 fxe4 3. Nc3 Nf6 4. Bg5 d5 5. Bxf6 exf6 6. Qh5+ g6 7. Qxd5 Qxd5
8. Nxd5 Bd6 9. Nxf6+ Kf7 10. Nxe4 Re8 11. Bd3 Bf5 12. f3 Nc6 13. c3 Bf4 14. g3
Bh6 15. g4 Bxe4 16. fxe4 Rad8 17. Nf3 Bf4 18. O-O Kg7 19. h4 h6 20. g5 hxg5 21.
Nxg5 Bxg5 22. hxg5 Ne5 23. Bc2 Nc4 24. Rf6 Ne3 25. Bb3 Rf8 26. e5 c6 27. Re1
Nd5 28. Rxf8 Rxf8 29. Rf1 Rxf1+ 30. Kxf1 Nf4 31. Bd1 Kf8 32. Bg4 Ke7 33. c4 b6
34. b3 Nd3 35. Bf3 c5 36. Be4 Nf4 37. d5 Nh3 38. Bxg6 Nxg5 39. Kg2 a5 40. Kg3
a4 41. bxa4 Ne6 42. dxe6 Kxe6 43. Kf4 1-0

[Event "2. Torneio Aberto do Brasil - Fortaleza"]
[Site "Fortaleza BRA"]
[Date "2012.04.07"]
[Round "4.54"]
[White "Batista, Francisco Klemberg "]
[Black "Lima, Antonio Stenio Patr"]
[Result "0-1"]
[WhiteElo "1771"]
[BlackElo "1799"]
[PlyCount "66"]
[EventDate "2012.04.05"]
[EventType "swiss"]
[EventRounds "7"]
[EventCountry "BRA"]
[Source "lmi"]
[SourceDate "2012.08.05"]

1. d4 Nf6 2. Nf3 d5 3. c4 e6 4. Nc3 c6 5. e3 Nbd7 6. Bd3 dxc4 7. Bxc4 b5 8. Bd3
a6 9. a3 Bb7 10. Bd2 c5 11. O-O Be7 12. Rc1 O-O 13. dxc5 Bxf3 14. gxf3 Nxc5 15.
Be2 Nd3 16. Rc2 Qd6 17. Bxd3 Qxd3 18. Bc1 Qg6+ 19. Kh1 Rfd8 20. Qe2 Rac8 21. e4
Qh5 22. f4 Qxe2 23. Rxe2 Rd3 24. Re3 Rcd8 25. e5 Ng4 26. Rxd3 Rxd3 27. Kg2 Bc5
28. Ne4 Be7 29. b4 Kf8 30. h3 Nh6 31. f3 Nf5 32. Kf2 Nd4 33. Be3 Bh4+ 0-1

[Event "2. Torneio Aberto do Brasil - Fortaleza"]
[Site "Fortaleza BRA"]
[Date "2012.04.07"]
[Round "4.55"]
[White "Sampaio Filho, Joao Rodrigues"]
[Black "Laroca, Alvaro Ney"]
[Result "1-0"]
[WhiteElo "1785"]
[BlackElo "1605"]
[PlyCount "85"]
[EventDate "2012.04.05"]
[EventType "swiss"]
[EventRounds "7"]
[EventCountry "BRA"]
[Source "lmi"]
[SourceDate "2012.08.05"]

1. e4 e5 2. Nf3 Nc6 3. Bc4 Nd4 4. Nxd4 exd4 5. O-O Bc5 6. d3 d6 7. Nd2 Qe7 8.
Nb3 Bb6 9. a4 a6 10. f4 Bd7 11. Bd2 O-O-O 12. Qf3 g6 13. Na5 Bxa5 14. Bxa5 Nf6
15. h3 Bc6 16. Rfe1 Rhg8 17. Qf2 g5 18. f5 g4 19. h4 Qe5 20. Bd2 g3 21. Qf4 Qe7
22. Qf3 Ng4 23. Bg5 Rxg5 24. hxg5 Qxg5 25. Qxg3 f6 26. Be6+ Kb8 27. c3 dxc3 28.
bxc3 h5 29. Rf1 Qd2 30. Bf7 Qg5 31. Rf4 Be8 32. Bxe8 Rxe8 33. d4 Rg8 34. Ra2
Qg7 35. Re2 Qd7 36. Qh4 Rg5 37. Rxg4 hxg4 38. Qh8+ Ka7 39. Qxf6 Rg8 40. Qe6 Qh7
41. f6 g3 42. Qh3 Qg6 43. Re3 1-0

[Event "2. Torneio Aberto do Brasil - Fortaleza"]
[Site "Fortaleza BRA"]
[Date "2012.04.07"]
[Round "4.56"]
[White "Paiva, Lucas Daniel Bezerr"]
[Black "Macedo, Luiz Soares De"]
[Result "1-0"]
[WhiteElo "1739"]
[BlackElo "1757"]
[PlyCount "30"]
[EventDate "2012.04.05"]
[EventType "swiss"]
[EventRounds "7"]
[EventCountry "BRA"]
[Source "lmi"]
[SourceDate "2012.08.05"]

1. e4 e5 2. Nf3 Nc6 3. Nc3 Nf6 4. Bb5 d6 5. d4 Bd7 6. Bg5 Be7 7. dxe5 dxe5 8.
O-O a6 9. Bxc6 bxc6 10. Nxe5 Bd6 11. Nxd7 Qxd7 12. Bxf6 gxf6 13. Qf3 Qe7 14. e5
fxe5 15. Qxc6+ Kd8 1-0

[Event "2. Torneio Aberto do Brasil - Fortaleza"]
[Site "Fortaleza BRA"]
[Date "2012.04.07"]
[Round "4.60"]
[White "Ferreira, Jose Carlos"]
[Black "Urquidi, Fabio Moraes"]
[Result "0-1"]
[WhiteElo "1913"]
[BlackElo "1780"]
[PlyCount "108"]
[EventDate "2012.04.05"]
[EventType "swiss"]
[EventRounds "7"]
[EventCountry "BRA"]
[Source "lmi"]
[SourceDate "2012.08.05"]

1. e4 e6 2. d4 d5 3. exd5 exd5 4. Nf3 Nc6 5. Bd3 Be6 6. O-O Bd6 7. Nc3 a6 8. a3
Nge7 9. Ne2 O-O 10. c3 Bf5 11. Ng3 Bxg3 12. hxg3 Bxd3 13. Qxd3 Ng6 14. Qf5 Nce7
15. Qh5 f6 16. Bd2 Qd7 17. Rfe1 Rae8 18. g4 Qd6 19. g3 Nc6 20. Kg2 Na5 21. Rh1
Nc4 22. Qxh7+ Kf7 23. Bh6 Rg8 24. g5 Nf8 25. g6+ Nxg6 26. Nh4 Nf8 27. Qf5 gxh6
28. Qh5+ Rg6 29. Nf5 Qf4 30. Nxh6+ Kg7 31. Nf5+ Kf7 32. Nh6+ Kg7 33. Qxg6+ Nxg6
34. gxf4 Nxf4+ 35. Kf3 Ne6 36. Nf5+ Kg6 37. Ne3 Ng5+ 38. Ke2 b6 39. b3 Nd6 40.
Rag1 Kf7 41. Rxg5 fxg5 42. Rh7+ Kg6 43. Rxc7 Ne4 44. f3 Ng3+ 45. Kd3 Rf8 46.
Rc6+ Kh5 47. Nxd5 Rxf3+ 48. Kc4 b5+ 49. Kb4 Ne4 50. Ka5 g4 51. Rc8 g3 52. Rh8+
Kg4 53. Rh7 Nxc3 54. Ne7 Ne2 0-1

[Event "2. Torneio Aberto do Brasil - Fortaleza"]
[Site "Fortaleza BRA"]
[Date "2012.04.07"]
[Round "4.61"]
[White "Sousa Filho, Aloisio Lopes De"]
[Black "Cunha, Adriano De Jesus Si"]
[Result "1/2-1/2"]
[WhiteElo "1852"]
[BlackElo "2040"]
[PlyCount "138"]
[EventDate "2012.04.05"]
[EventType "swiss"]
[EventRounds "7"]
[EventCountry "BRA"]
[Source "lmi"]
[SourceDate "2012.08.05"]

1. d4 Nf6 2. Nf3 e6 3. Bf4 b6 4. e3 Bb7 5. Bd3 Be7 6. Nbd2 d5 7. Qe2 Nbd7 8. h3
a6 9. O-O Ne4 10. Ne5 Nxd2 11. Qxd2 Nxe5 12. Bxe5 O-O 13. Qe2 Bf6 14. f4 c5 15.
c3 Bxe5 16. fxe5 Qg5 17. Rf4 f5 18. exf6 Rxf6 19. Raf1 c4 20. Bc2 Raf8 21. Rxf6
Rxf6 22. Rxf6 gxf6 23. Qf3 Bc6 24. Kh2 Be8 25. Qg3 Qxg3+ 26. Kxg3 Bg6 27. Bd1
Kg7 28. Kf4 Be4 29. g3 Bg2 30. h4 Be4 31. Bh5 Bb1 32. a3 Be4 33. Be8 Bb1 34.
Bh5 Be4 35. Be2 b5 36. Bh5 Kf8 37. Be2 Kg7 38. g4 h6 39. g5 hxg5+ 40. hxg5 Bg6
41. Bd1 Be8 42. Bg4 Bf7 43. Bf3 Kg6 44. gxf6 Kxf6 45. e4 a5 46. Bd1 a4 47. exd5
exd5 48. Bg4 Be8 49. Bc8 Bc6 50. Ba6 Ke6 51. Bc8+ Kf6 52. Bg4 Be8 53. Bf3 Bc6
54. Bg2 Bb7 55. Bf3 Bc6 56. Bg4 Be8 57. Bf5 Bc6 58. Bc8 Be8 59. Bb7 Ke6 60. Kg5
Bd7 61. Kg6 Be8+ 62. Kg7 Kd6 63. Kf6 Bh5 64. Kg7 Bg4 65. Kf6 Bh3 66. Kf7 Be6+
67. Ke8 Bd7+ 68. Kd8 Be6 69. Ke8 Bd7+ 1/2-1/2

[Event "2. Torneio Aberto do Brasil - Fortaleza"]
[Site "Fortaleza BRA"]
[Date "2012.04.07"]
[Round "4.62"]
[White "Nogueira, Jorge Da Silva"]
[Black "Da Silva, Jose Gomes"]
[Result "0-1"]
[WhiteElo "1554"]
[BlackElo "1833"]
[PlyCount "74"]
[EventDate "2012.04.05"]
[EventType "swiss"]
[EventRounds "7"]
[EventCountry "BRA"]
[Source "lmi"]
[SourceDate "2012.08.05"]

1. d4 d5 2. Nf3 Nf6 3. e3 e6 4. Bd3 c5 5. c3 Nc6 6. Nbd2 Bd6 7. O-O O-O 8. Re1
cxd4 9. exd4 Qc7 10. Qe2 Nd7 11. c4 e5 12. cxd5 Nxd4 13. Qd1 Nf6 14. Ne4 Nxe4
15. Bxe4 f5 16. Nxd4 exd4 17. Bf3 Bxh2+ 18. Kh1 Bd6 19. Bd2 Bd7 20. Rc1 Qd8 21.
g3 f4 22. Kg2 g5 23. Bg4 Be8 24. Be6+ Kh8 25. Bb4 Bxb4 26. Qxd4+ Qf6 27. Qxb4
fxg3 28. Rf1 Qf3+ 29. Kg1 gxf2+ 30. Kh2 Rf6 31. Qd4 Bb5 32. Bg4 Qf4+ 33. Qxf4
Rxf4 34. Bh3 Bxf1 35. Bxf1 Rd8 36. Bg2 Rd6 37. Rc7 f1=Q 0-1

[Event "2. Torneio Aberto do Brasil - Fortaleza"]
[Site "Fortaleza BRA"]
[Date "2012.04.07"]
[Round "4.63"]
[White "Bueno, Marcos Antonio Ferr"]
[Black "Capistrano, Giovany Gomes"]
[Result "1-0"]
[WhiteElo "1793"]
[BlackElo "1755"]
[PlyCount "65"]
[EventDate "2012.04.05"]
[EventType "swiss"]
[EventRounds "7"]
[EventCountry "BRA"]
[Source "lmi"]
[SourceDate "2012.08.05"]

1. Nf3 Nf6 2. g3 d5 3. Bg2 c5 4. O-O Nc6 5. d3 e5 6. Nbd2 Bd6 7. e4 d4 8. a4 a6
9. Nc4 h6 10. Nxd6+ Qxd6 11. h3 Bd7 12. Nh4 Ne7 13. f4 O-O 14. fxe5 Qxe5 15.
Bf4 Qe6 16. Bd2 Nc6 17. Nf5 Ne5 18. Bf4 b5 19. a5 Rfc8 20. g4 Bc6 21. Kh2 Ng6
22. Bg3 Nd7 23. Qd2 Nde5 24. Rf2 Ra7 25. b3 c4 26. Nxd4 Qd7 27. Nxc6 Qxc6 28.
d4 Nd7 29. e5 Qe6 30. Qe3 Rac7 31. d5 Qe8 32. e6 cxb3 33. exf7+ 1-0

[Event "2. Torneio Aberto do Brasil - Fortaleza"]
[Site "Fortaleza BRA"]
[Date "2012.04.07"]
[Round "4.65"]
[White "Silva, Agamenon Viana Da"]
[Black "Azevedo, Eduardo Jose E De"]
[Result "0-1"]
[WhiteElo "1693"]
[BlackElo "1909"]
[PlyCount "100"]
[EventDate "2012.04.05"]
[EventType "swiss"]
[EventRounds "7"]
[EventCountry "BRA"]
[Source "lmi"]
[SourceDate "2012.08.05"]

1. c4 c5 2. Nf3 Nc6 3. e3 g6 4. d4 cxd4 5. Nxd4 Bg7 6. Nc3 Nf6 7. Be2 O-O 8.
Bd2 Nxd4 9. exd4 d5 10. Bc1 dxc4 11. Be3 Be6 12. O-O Rc8 13. Qa4 a6 14. Rfd1
Nd5 15. Nxd5 Bxd5 16. Qb4 b5 17. Qd2 e6 18. Bh6 Re8 19. Bxg7 Kxg7 20. Qf4 Qc7
21. Qe5+ Qxe5 22. dxe5 Red8 23. f4 Bb7 24. Kf2 Rd5 25. Bf3 Rxd1 26. Rxd1 Bxf3
27. Kxf3 c3 28. bxc3 Rxc3+ 29. Ke2 Rc2+ 30. Rd2 Rxd2+ 31. Kxd2 Kf8 32. Kc3 Ke7
33. Kb4 Kd7 34. Ka5 Kc6 35. Kxa6 Kc5 36. Ka5 b4 37. g3 h6 38. h3 h5 39. h4 Kc4
40. Ka4 Kc5 41. Kb3 Kb5 42. a3 bxa3 43. Kxa3 Kc4 44. Kb2 Kd3 45. Kc1 Ke3 46.
Kd1 Kf3 47. Kd2 Kxg3 48. Ke3 Kxh4 49. Kf3 Kh3 50. Kf2 Kg4 0-1

[Event "2. Torneio Aberto do Brasil - Fortaleza"]
[Site "Fortaleza BRA"]
[Date "2012.04.07"]
[Round "4.66"]
[White "Lima Filho, Jose Pacifico"]
[Black "Chaves, Augustino Lima"]
[Result "0-1"]
[WhiteElo "1891"]
[BlackElo "1795"]
[PlyCount "68"]
[EventDate "2012.04.05"]
[EventType "swiss"]
[EventRounds "7"]
[EventCountry "BRA"]
[Source "lmi"]
[SourceDate "2012.08.05"]

1. c4 Nf6 2. Nc3 g6 3. g3 Bg7 4. Bg2 O-O 5. Nf3 d6 6. d4 c5 7. O-O a6 8. e4
cxd4 9. Nxd4 Nc6 10. Nxc6 bxc6 11. e5 dxe5 12. Bxc6 Rb8 13. Qe2 Qc7 14. Nd5
Nxd5 15. Bxd5 Bf5 16. Be3 e4 17. Bf4 Be5 18. Bxe5 Qxe5 19. b3 e6 20. Bc6 Rfc8
21. Bd7 Rd8 22. Rad1 h5 23. Qe3 Qc7 24. Ba4 Rd3 25. Rxd3 exd3 26. Rd1 Rd8 27.
Rd2 Qd6 28. c5 Qd5 29. Qg5 Qd4 30. Qe7 Rd5 31. Be8 Qa1+ 32. Kg2 Be4+ 33. Kh3
Qf1+ 34. Kh4 g5+ 0-1

[Event "2. Torneio Aberto do Brasil - Fortaleza"]
[Site "Fortaleza BRA"]
[Date "2012.04.07"]
[Round "4.67"]
[White "Aquino, Francisco Jose Alve"]
[Black "Bezerra, Francisca Rejane De"]
[Result "1-0"]
[WhiteElo "1735"]
[BlackElo "1767"]
[PlyCount "93"]
[EventDate "2012.04.05"]
[EventType "swiss"]
[EventRounds "7"]
[EventCountry "BRA"]
[Source "lmi"]
[SourceDate "2012.08.05"]

1. e4 d5 2. exd5 Qxd5 3. Nc3 Qa5 4. Nf3 Bg4 5. Bc4 Nd7 6. d4 e5 7. Bxf7+ Kd8 8.
h3 Bxf3 9. gxf3 c6 10. d5 Ngf6 11. dxc6 bxc6 12. a3 h6 13. Be3 Rb8 14. b4 Qc7
15. Qd2 g5 16. Rd1 Rh7 17. Bg6 Rg7 18. Bf5 a5 19. Na2 Nd5 20. c3 Nf4 21. O-O
Rb5 22. c4 Rb7 23. Kh2 Rf7 24. bxa5 Kc8 25. Bb6 Qb8 26. Bxd7+ Rfxd7 27. Qc2
Bxa3 28. Qf5 Rbc7 29. Bxc7 Qxc7 30. Rxd7 Qxd7 31. Qxd7+ Kxd7 32. Rb1 Be7 33. a6
Bc5 34. a7 Bxa7 35. Rb7+ Kd6 36. Rxa7 Kc5 37. Rc7 Kxc4 38. Rxc6+ Kb3 39. Nc1+
Kb2 40. Kg3 h5 41. h4 gxh4+ 42. Kxh4 Ka3 43. Rd6 Kb2 44. Nd3+ Nxd3 45. Rxd3 Kc2
46. Re3 Kd2 47. Rxe5 1-0

[Event "2. Torneio Aberto do Brasil - Fortaleza"]
[Site "Fortaleza BRA"]
[Date "2012.04.07"]
[Round "4.69"]
[White "Vescovi Filho, Giovanni"]
[Black "Assuncao, Jose Ribamar Da Cos"]
[Result "0-1"]
[WhiteElo "1883"]
[BlackElo "1675"]
[PlyCount "170"]
[EventDate "2012.04.05"]
[EventType "swiss"]
[EventRounds "7"]
[EventCountry "BRA"]
[Source "lmi"]
[SourceDate "2012.08.05"]

1. Nf3 Nf6 2. g3 d5 3. d4 Nbd7 4. Nbd2 c5 5. c3 e6 6. Bg2 Bd6 7. b3 O-O 8. O-O
b6 9. Bb2 Bb7 10. c4 cxd4 11. Bxd4 Re8 12. cxd5 Bxd5 13. Rc1 Rc8 14. Bb2 Bb8
15. Rxc8 Qxc8 16. Qc1 Qb7 17. Qb1 Nc5 18. Qa1 Ncd7 19. Nc4 Bc7 20. Ne3 Bc6 21.
Rc1 Bd8 22. Qb1 Be4 23. Qa1 Be7 24. Ne5 Nxe5 25. Bxe5 Bxg2 26. Nxg2 Rc8 27.
Rxc8+ Qxc8 28. Qc3 Qd7 29. Qd4 Qc6 30. Qc3 Qxc3 31. Bxc3 Nd5 32. Bb2 Bb4 33. f3
Bc3 34. Bc1 Bf6 35. Kf2 Be7 36. Ne3 Nc3 37. a4 Na2 38. Bd2 Bc5 39. Ke1 Bxe3 40.
Bxe3 Nb4 41. Bf4 Nd5 42. Bd6 a6 43. Kd2 f5 44. b4 b5 45. a5 Kf7 46. Kd3 Ke8 47.
e4 fxe4+ 48. Kxe4 Kd7 49. Bf8 g6 50. Ke5 Ne3 51. h4 Nf5 52. Kf4 Kc6 53. Bc5 Kd5
54. Kg4 Nd4 55. f4 Nc6 56. Kg5 Kc4 57. Kh6 Nxb4 58. Bxb4 Kxb4 59. Kxh7 Kxa5 60.
Kxg6 b4 61. h5 b3 62. h6 b2 63. h7 b1=Q+ 64. Kg7 Qb7+ 65. Kg8 Qc8+ 66. Kg7 Qc3+
67. Kg8 Qxg3+ 68. Kf7 Qxf4+ 69. Kg8 Qg5+ 70. Kh8 Qd8+ 71. Kg7 Qd7+ 72. Kg8
Qxh7+ 73. Kxh7 e5 74. Kg6 e4 75. Kf5 e3 76. Ke6 Kb4 77. Kd7 e2 78. Kc7 a5 79.
Kb7 e1=Q 80. Kb6 Qe6+ 81. Kb7 Kb5 82. Kc7 Qe7+ 83. Kb8 Ka6 84. Kc8 Kb6 85. Kb8
Qb7# 0-1

[Event "2. Torneio Aberto do Brasil - Fortaleza"]
[Site "Fortaleza BRA"]
[Date "2012.04.07"]
[Round "5.1"]
[White "Vescovi, Giovanni"]
[Black "Dayer, Horacio Saldano"]
[Result "1-0"]
[WhiteElo "2604"]
[BlackElo "2440"]
[PlyCount "59"]
[EventDate "2012.04.05"]
[EventType "swiss"]
[EventRounds "7"]
[EventCountry "BRA"]
[Source "lmi"]
[SourceDate "2012.08.05"]

1. e4 c5 2. Nf3 Nc6 3. Bb5 g6 4. Bxc6 dxc6 5. d3 Bg7 6. h3 Nf6 7. Nc3 Nd7 8.
Be3 e5 9. Qd2 Qe7 10. O-O Nf8 11. Bh6 f6 12. Bxg7 Qxg7 13. a3 Ne6 14. b4 Qe7
15. Na4 b6 16. bxc5 b5 17. Nc3 Qxc5 18. Ne2 O-O 19. c3 Rd8 20. d4 Qd6 21. Qe3
Nf4 22. dxe5 fxe5 23. Rad1 Qxd1 24. Rxd1 Rxd1+ 25. Kh2 Nd3 26. Nd2 Nxf2 27. Ng1
Nxh3 28. Nxh3 Bxh3 29. gxh3 Rd8 30. Nf3 1-0

[Event "2. Torneio Aberto do Brasil - Fortaleza"]
[Site "Fortaleza BRA"]
[Date "2012.04.07"]
[Round "5.2"]
[White "Molina, Roberto Junio Brito"]
[Black "Lima, Darcy"]
[Result "1/2-1/2"]
[WhiteElo "2407"]
[BlackElo "2509"]
[PlyCount "23"]
[EventDate "2012.04.05"]
[EventType "swiss"]
[EventRounds "7"]
[EventCountry "BRA"]
[Source "lmi"]
[SourceDate "2012.08.05"]

1. d4 Nf6 2. c4 d6 3. Nf3 Bf5 4. g3 Nbd7 5. Bg2 e5 6. O-O Be7 7. Nc3 c6 8. Nh4
Bg4 9. h3 exd4 10. Qxd4 Be6 11. b3 Qa5 12. Bb2 1/2-1/2

[Event "2. Torneio Aberto do Brasil - Fortaleza"]
[Site "Fortaleza BRA"]
[Date "2012.04.07"]
[Round "5.3"]
[White "El Debs, Felipe De Cresce"]
[Black "Macedo, Maximo Iack"]
[Result "1/2-1/2"]
[WhiteElo "2507"]
[BlackElo "2328"]
[PlyCount "129"]
[EventDate "2012.04.05"]
[EventType "swiss"]
[EventRounds "7"]
[EventCountry "BRA"]
[Source "lmi"]
[SourceDate "2012.08.05"]

1. Nf3 d5 2. d4 Nf6 3. c4 e6 4. g3 dxc4 5. Qa4+ Nbd7 6. Bg2 a6 7. Qxc4 b5 8.
Qc6 Rb8 9. Bf4 Nd5 10. Bg5 Be7 11. Bxe7 Qxe7 12. Nc3 Bb7 13. Nxd5 Bxc6 14. Nxe7
Kxe7 15. Rc1 Rb6 16. O-O Rc8 17. b4 a5 18. a3 axb4 19. axb4 Ra6 20. Rc3 Be4 21.
Rfc1 c6 22. Ne1 Bxg2 23. Kxg2 Nf6 24. Nd3 Ne4 25. R3c2 f6 26. Rd1 Ra3 27. Rdc1
Ra6 28. Nc5 Nxc5 29. Rxc5 Kd7 30. e4 Ra4 31. Rb1 Ra3 32. d5 cxd5 33. exd5 Rxc5
34. bxc5 exd5 35. Rxb5 Kc7 36. Rb6 d4 37. Re6 d3 38. Kf3 Ra1 39. Rd6 Rc1 40.
Rd5 d2 41. Rxd2 Rxc5 42. Ra2 Kd6 43. Ra7 Rc7 44. Rxc7 Kxc7 45. Ke4 Kd6 46. g4
Ke6 47. h4 g5 48. h5 h6 49. f4 gxf4 50. Kxf4 Ke7 51. Ke3 Kd7 52. Kd3 Ke7 53.
Kc4 Ke6 54. Kd4 f5 55. gxf5+ Kxf5 56. Ke3 Kg5 57. Kf2 Kxh5 58. Kg1 Kg4 59. Kh1
Kg3 60. Kg1 h5 61. Kh1 h4 62. Kg1 h3 63. Kh1 Kf3 64. Kh2 Ke4 65. Kxh3 1/2-1/2